La escuela infantil : acción y participación /
Guardado en:
| Autor Principal: | |
|---|---|
| Otros Autores: | |
| Formato: | Libro |
| Publicado: |
Buenos Aires :
Paidós,
1998
|
| Series: | Papeles de Pedagogía; No. 9
|
| Materias: | |
| Etiquetas: |
Agregar Etiqueta
Sin Etiquetas, Sea el primero en etiquetar este registro!
|
| LEADER | 00864nam a22002415a 4500 | ||
|---|---|---|---|
| 001 | CEM.cems009865 | ||
| 005 | 20080704113652.0 | ||
| 008 | 130507s1998##################000#0#####d | ||
| 003 | CEMS | ||
| 020 | |a 950129059X | ||
| 082 | 0 | 4 | |a 372.21 |
| 100 | 1 | |a Molina, Lurdes | |
| 245 | 1 | 0 | |a La escuela infantil : |b acción y participación / |c Lurdes Molina, Núria Jiménez |
| 260 | |a Buenos Aires : |b Paidós, |c 1998 | ||
| 300 | |a 319 p. | ||
| 490 | 0 | |a Papeles de Pedagogía; No. 9 | |
| 500 | |a Red de Federal de Formación Docente Continua | ||
| 505 | 0 | |a Notas sobre la transcripción de anécdotas.- Controlar los esfínteres.- Jugar y explorar a uno mismo y al entorno.- Reposar/dormir.- | |
| 653 | |a Educación | ||
| 653 | |a Didáctica-nivel inicial | ||
| 653 | |a Nivel inicial | ||
| 700 | 1 | |a Jimenez, Nuria | |
| 859 | |a CEMS |b BIB. CEMS - 11 de abril |h 372.21 |i M733 |p 20217.99 |t Ej.1 | ||
